000 01294pam a2200337 a 4500
001 1022138
003 JO-AjAnu
005 20240501092733.0
008 890109s1989 ne a b 001 0 eng
010 _a 88036035
020 _a9027235562 (alk. paper) :
_c$56.00 (U.S.)
020 _a9027235570 (pbk. : alk paper) :
_c$24.95 (U.S.)
040 _aDLC
_cDLC
_dDLC
_dJO-AjAnu
_beng
041 0 _aeng
_heng
050 0 0 _aP140
_b.A58 1989
082 0 0 _a410/.9
_219
100 1 _aAnttila, Raimo.
245 1 0 _aHistorical and comparative linguistics /
_cRaimo Anttila.
250 _a2nd rev. ed.
260 _aAmsterdam ;
_aPhiladelphia :
_bJohn Benjamins Pub. Co.,
_c1989.
300 _axv, 462 p. :
_bill. ;
_c23 cm.
440 0 _aAmsterdam studies in the theory and history of linguistic science.
_nSeries IV,
_pCurrent issues in linguistic theory,
_x0304-0763 ;
_vv. 6
500 _aRev. ed. of: An introduction to historical and comparative linguistics. 1st ed. 1972.
500 _aIncludes index.
504 _aBibliography: p. 413-447.
650 0 _aHistorical linguistics.
650 0 _aComparative linguistics.
700 1 _aAnttila, Raimo.
_tIntroduction to historical and comparative linguistics.
906 _a7
_bcbc
_corignew
_d1
_eocip
_f19
_gy-gencatlg
942 _2lcc
_cBK
_n0
999 _c33480
_d33480